000 00685nam a22002535a 4500
001 001381314
003 AR-RoIUNI
005 20190430144623.0
007 ta
008 161207s2015 ag r spa
015 _aAR-2015
020 _a9789873765070
040 _aAR-BaBN
_cIUNIR
044 _aag
_car-c
080 _a378 CAL
245 1 0 _aCalidad en la educación superior.
260 _aBuenos Aires :
_bCONEAU,
_c2015.
300 _a155 p. ;
_c20 x 26 cm.
650 1 0 _9489
_aEducación Superior
930 1 _lBNA01
_mLIBRO
_601057539
_820161207
_f11
942 _2cdu
_cBK
956 _aVGONZALEZ
_b20
_c20161207
_lBNA01
_h1208
956 _aFCORTI
_b20
_c20170515
_lBNA01
_h1132
999 _c4536
_d4536